| 000 | 00428nam a2200157Ia 4500 | ||
|---|---|---|---|
| 008 | 230718s9999 xx 000 0 und d | ||
| 041 | _aeng | ||
| 082 |
_a005.2 _bWIT |
||
| 100 | _aWittenbrink H. | ||
| 245 |
_aRSS And Atom _bUnderstanding And Implementing Content Feeds And Syndication |
||
| 260 | _bPackt Pub. | ||
| 300 | _a260 | ||
| 365 |
_cRs. _b325.00 |
||
| 700 | _aWittenbrink H. | ||
| 906 |
_dB:381524-May-2007 _cIT _b65 |
||
| 999 |
_c317192 _d317192 |
||